| 000 | 01425nam a2200349 a 4500 | ||
|---|---|---|---|
| 001 | ebr10160526 | ||
| 003 | CaPaEBR | ||
| 006 | m u | ||
| 007 | cr cn||||||||| | ||
| 008 | 050525s2006 enka sb 001 0 eng | ||
| 010 | _z 2005049870 | ||
| 020 | _z0195301625 | ||
| 040 |
_aCaPaEBR _cCaPaEBR |
||
| 035 | _a(OCoLC)79256544 | ||
| 050 | 1 | 4 |
_aHB172.5 _b.G66 2006eb |
| 082 | 0 | 4 |
_a339/.01/51922 _222 |
| 100 | 1 |
_aGong, Gang, _d1959- |
|
| 245 | 1 | 0 |
_aStochastic dynamic macroeconomics _h[electronic resource] : _btheory and empirical evidence / _cGang Gong, Willi Semmler. |
| 260 |
_aOxford ; _aNew York : _bOxford University Press, _c2006. |
||
| 300 |
_aviii, 202 p. : _bill. |
||
| 504 | _aIncludes bibliographical references (p. 189-199) and index. | ||
| 533 |
_aElectronic reproduction. _bPalo Alto, Calif. : _cebrary, _d2013. _nAvailable via World Wide Web. _nAccess may be limited to ebrary affiliated libraries. |
||
| 650 | 0 |
_aMacroeconomics _xMathematical models. |
|
| 650 | 0 |
_aEquilibrium (Economics) _xMathematical models. |
|
| 650 | 0 |
_aBusiness cycles _xMathematical models. |
|
| 650 | 0 |
_aKeynesian economics _xMathematical models. |
|
| 650 | 0 | _aStochastic analysis. | |
| 655 | 7 |
_aElectronic books. _2local |
|
| 700 | 1 | _aSemmler, Willi. | |
| 710 | 2 | _aebrary, Inc. | |
| 856 | 4 | 0 |
_uhttp://site.ebrary.com/lib/rucke/Doc?id=10160526 _zAn electronic book accessible through the World Wide Web; click to view |
| 999 |
_c132998 _d132998 |
||